000 00256nam a2200121 i 4500
001 bg
245 0 _aNaucnye... pribory :
_bNr 15.
260 _aMockva,
_c1978.
040 _cBPK
041 _apol
942 _cKS
008 s pl f |000 0 pol
999 _c9786
_d9786
856 _uhttp://koha.tu.koszalin.pl/cgi-bin/koha/opac-detail.pl?biblionumber=9786
_yKatalog online BPK